<?xml version="1.0" encoding="UTF-8"?>
<record
    xmlns:xsi="http://www.w3.org/2001/XMLSchema-instance"
    xsi:schemaLocation="http://www.loc.gov/MARC21/slim http://www.loc.gov/standards/marcxml/schema/MARC21slim.xsd"
    xmlns="http://www.loc.gov/MARC21/slim">

  <leader>04322nam a2200457Ia 4500</leader>
  <controlfield tag="001">991107066981006196</controlfield>
  <controlfield tag="005">20250828092013.0</controlfield>
  <controlfield tag="006">m     o  d        </controlfield>
  <controlfield tag="007">cr#cn|||||||||</controlfield>
  <controlfield tag="008">210211s2021    enka    o     001 0 eng d</controlfield>
  <datafield tag="020" ind1=" " ind2=" ">
    <subfield code="a">9781350092860</subfield>
  </datafield>
  <datafield tag="020" ind1=" " ind2=" ">
    <subfield code="a">9781350092877</subfield>
  </datafield>
  <datafield tag="020" ind1=" " ind2=" ">
    <subfield code="a">9781350092891</subfield>
  </datafield>
  <datafield tag="020" ind1=" " ind2=" ">
    <subfield code="a">9781350092884</subfield>
  </datafield>
  <datafield tag="024" ind1="7" ind2=" ">
    <subfield code="a">10.5040/9781350092891</subfield>
    <subfield code="2">doi</subfield>
  </datafield>
  <datafield tag="035" ind1=" " ind2=" ">
    <subfield code="a">(CKB)4100000011726050</subfield>
  </datafield>
  <datafield tag="035" ind1=" " ind2=" ">
    <subfield code="a">(OCoLC)1238133711</subfield>
  </datafield>
  <datafield tag="035" ind1=" " ind2=" ">
    <subfield code="a">(CaBNVSL)9781350092891</subfield>
  </datafield>
  <datafield tag="035" ind1=" " ind2=" ">
    <subfield code="a">(MiAaPQ)EBC6458983</subfield>
  </datafield>
  <datafield tag="035" ind1=" " ind2=" ">
    <subfield code="a">(OCoLC)1302699439</subfield>
  </datafield>
  <datafield tag="035" ind1=" " ind2=" ">
    <subfield code="a">(CaBNVSL)BP9781350092891BC</subfield>
  </datafield>
  <datafield tag="035" ind1=" " ind2=" ">
    <subfield code="a">(Perlego)2106882</subfield>
  </datafield>
  <datafield tag="035" ind1=" " ind2=" ">
    <subfield code="a">(EXLCZ)994100000011726050</subfield>
  </datafield>
  <datafield tag="040" ind1=" " ind2=" ">
    <subfield code="a">UkLoBP</subfield>
    <subfield code="b">eng</subfield>
    <subfield code="e">rda</subfield>
    <subfield code="c">UkLoBP</subfield>
    <subfield code="d">UkLoBP</subfield>
  </datafield>
  <datafield tag="041" ind1=" " ind2=" ">
    <subfield code="a">English</subfield>
  </datafield>
  <datafield tag="050" ind1=" " ind2="4">
    <subfield code="a">HF5415.165</subfield>
    <subfield code="b">.S33 2021</subfield>
  </datafield>
  <datafield tag="100" ind1=" " ind2=" ">
    <subfield code="a">Schaefer, Kate,</subfield>
    <subfield code="e">author.</subfield>
    <subfield code="9">25474</subfield>
  </datafield>
  <datafield tag="245" ind1="1" ind2="0">
    <subfield code="a">Swipe, scan, shop </subfield>
    <subfield code="b">: interactive visual merchandising </subfield>
    <subfield code="c">/ by Kate Schaefer.</subfield>
  </datafield>
  <datafield tag="250" ind1=" " ind2=" ">
    <subfield code="a">First edition.</subfield>
  </datafield>
  <datafield tag="264" ind1=" " ind2="1">
    <subfield code="a">London. England :</subfield>
    <subfield code="b">Bloomsbury Publishing,</subfield>
    <subfield code="c">2021.</subfield>
  </datafield>
  <datafield tag="300" ind1=" " ind2=" ">
    <subfield code="a">194 pages :</subfield>
    <subfield code="b">color illustrations</subfield>
  </datafield>
  <datafield tag="504" ind1=" " ind2=" ">
    <subfield code="a">Includes bibliographical references (pages 182-186) and index.</subfield>
  </datafield>
  <datafield tag="505" ind1="0" ind2=" ">
    <subfield code="a">What is Visual Merchandising?
&#x2014; Overview of VM
&#x2014; What it includes
&#x2014; Why it is used (Commerciality)
&#x2014; How visual merchandising has progressed
&#x2014; The History and Evolution of Visual Merchandising
&#x2014; History of visual merchandising
&#x2014; Evolution of visual merchandising and display
&#x2014; Incorporating digital technologies
&#x2014; Successes and Challenges: Translating the "See Now, Buy Now" to the sales floor
&#x2014; Company Spotlight: Sephora
&#x2014; Visual Merchandising and Omnichannel Retail
&#x2014; Enhancing the online shopping experience
&#x2014; Social Media and visual merchandising
&#x2014; Using mobile devices (Introduce beacon technologies, interactive displays)
&#x2014; Mass Customization
&#x2014; Company Spotlight: Ted Baker and Google
&#x2014; Store Planning and Design
&#x2014; What is store planning?
&#x2014; Square Footage vs. Selling Space
&#x2014; Materials
&#x2014; Furniture
&#x2014; Software programs/CAD programs
&#x2014; Tradeshows (i.e. GlobalShop)
&#x2014; Company Spotlight: Visual Retailing (MockShop) or Retail Smart
&#x2014; Store Interiors
&#x2014; Experiential retail
&#x2014; Sensory merchandising
&#x2014; Sustainability in visual merchandising
&#x2014; Heat Mapping (Data Analytics)
&#x2014; Dwell Time (Data Analytics)
&#x2014; Company Spotlight: Amazon (AmazonGo)
&#x2014; Mannequins and Forms
&#x2014; Communicating through mannequins and forms
&#x2014; The future of mannequins and forms
&#x2014; Company Spotlight: Iconome
&#x2014; Exterior and Window Displays
&#x2014; Interactive Displays: Who, What, Why
&#x2014; Infrared Sensors
&#x2014; Facial Recognition
&#x2014; Virtual Reality
&#x2014; Augmented Reality
&#x2014; Mobile Commerce
&#x2014; Social Media/Mass Customization
&#x2014; Conclusion
&#x2014; What Might We Expect as the Future of VM?</subfield>
  </datafield>
  <datafield tag="520" ind1=" " ind2=" ">
    <subfield code="a">"Successful fashion merchandising, branding, and communication start with satisfyingly sensory and interactive shopping experiences. With Kate Schaefer's beautifully illustrated and practical book, learn how retailers create these experiences to connect with shoppers, enhance the retail experience, and achieve brand loyalty. With company highlights from brands such as Amazon Go, FIT:MATCH and Sephora, Swipe, Scan, Shop shows how fashion retailers are embracing the omnichannel retail experience, by using virtual and augmented reality, beacon technologies, and facial recognition, among other techniques. As shoppers become more dependent on digital devices as part of their shopping experience, visual merchandisers are adapting by incorporating mobile tech to tell a story, alert shoppers of product locations and inventory levels, and allow for the customization of products and sharing with friends. With a companion website that includes resources and links to further information and videos discussed in the book, this practical guide shows how to inform, entice, and engage customers by incorporating social technology throughout the shopping experience"--</subfield>
    <subfield code="c">Provided by publisher.</subfield>
  </datafield>
  <datafield tag="650" ind1=" " ind2="0">
    <subfield code="a"> Merchandising</subfield>
    <subfield code="9">986</subfield>
  </datafield>
  <datafield tag="650" ind1=" " ind2="0">
    <subfield code="a">Shopping</subfield>
    <subfield code="x">Technological innovations.</subfield>
  </datafield>
  <datafield tag="650" ind1=" " ind2="0">
    <subfield code="a">Display of merchandise.</subfield>
    <subfield code="9">25475</subfield>
  </datafield>
  <datafield tag="650" ind1=" " ind2="0">
    <subfield code="a">Fashion, Fashion Business and Management</subfield>
    <subfield code="9">25476</subfield>
  </datafield>
  <datafield tag="700" ind1=" " ind2=" ">
    <subfield code="a">Marcketti, Sara B,</subfield>
    <subfield code="e">author.</subfield>
    <subfield code="9">25477</subfield>
  </datafield>
  <datafield tag="942" ind1=" " ind2=" ">
    <subfield code="2">lcc</subfield>
  </datafield>
  <datafield tag="952" ind1=" " ind2=" ">
    <subfield code="0">0</subfield>
    <subfield code="1">0</subfield>
    <subfield code="2">lcc</subfield>
    <subfield code="4">0</subfield>
    <subfield code="7">0</subfield>
    <subfield code="a">TBS</subfield>
    <subfield code="b">TBS</subfield>
    <subfield code="d">2025-10-01</subfield>
    <subfield code="l">0</subfield>
    <subfield code="o">HF5415.165 SCH</subfield>
    <subfield code="p">B07610</subfield>
    <subfield code="r">2025-10-01</subfield>
    <subfield code="t">1</subfield>
    <subfield code="w">2025-10-01</subfield>
    <subfield code="y">1</subfield>
  </datafield>
  <datafield tag="999" ind1=" " ind2=" ">
    <subfield code="c">4751</subfield>
    <subfield code="d">4751</subfield>
  </datafield>
</record>
